Obra completa en poesía

Gardado en:
Detalles Bibliográficos
Autor Principal: Blake, William (Author)
Formato: Libro
Idioma:inglés
Lingua castelá
Publicado: Barcelona Ediciones 29 1980
Series:Poesía, 21
Subjects:
Tags: Engadir etiqueta
Sen Etiquetas, Sexa o primeiro en etiquetar este rexistro!

MARC

LEADER 00000nam a2200000 a 4500
001 UCO5030
003 CL-VaPUC
008 000825e19800000SP |||||||||||||||||eng|d
041 0 7 |a eng  |2 CL-VaPUC 
041 0 7 |a spa  |2 CL-VaPUC 
082 0 4 |a 821  |b BLA  |2 21 
100 0 |a Blake, William  |e author  |9 265754 
245 1 0 |a Obra completa en poesía 
300 |a v 
942 |c BK 
945 |d 20000825 00:00:00  |a crobeson 
260 |a Barcelona  |b Ediciones 29  |c 1980 
500 |a v.1: Poemas de los esbozos poéticos; canciones de una isla en la luna; el libro de Thel; cantos de inocencia; cantos de experiencia 
500 |a v.2: Manuscrito de Dante G. Rossetti I y II; la revolución francesa; las bodas del cielo y del infierno; visiones de las hijas de Albión 
650 0 |a Poesías inglesas  |9 265094 
650 0 |a Literatura inglesa  |9 312907 
583 |a last modification  |c 20000825 00:00:00  |k Rodrigo Vera 
490 0 |a Poesía, 21 
999 |c 290987  |d 290985 
952 |0 0  |1 0  |4 0  |6 821_000000000000000_BLA_1980  |7 0  |8 A  |9 340619  |a BIBART  |b BIBART  |d 2019-11-20  |h v.1  |i 1218158  |l 1  |o 821 BLA 1980  |p 1218158  |r 2025-03-13  |s 2022-05-11  |w 2019-11-20  |y BK  |k ART 
952 |0 0  |1 0  |4 0  |6 821_000000000000000_BLA_1980  |7 0  |8 A  |9 340620  |a BIBART  |b BIBART  |d 2019-11-20  |h v.2  |i 1218166  |o 821 BLA 1980  |p 1218166  |r 2025-03-13  |w 2019-11-20  |y BK  |k ART